=LDR 00000nam 2200000 4500 =001 INLIS000000000030019 =005 20200220083330 =035 ##$$a 0010-061300000030019 =008 200220################g##########0#ind## =041 ##$$a ind =082 ##$$a 070.43 =090 ##$$a 070.43, ASS j =100 1#$$a Assegaff, Dja'far H =245 1#$$a Jurnalistik Masa Kini : $b Pengantar ke praktek kewartawanan /$c Drs. Dja'far H. Assegaff =260 ##$$a Jakarta :$b Balai Aksara - Yudhistira,$c 1993 =300 ##$$a 142 hlm ; $c 14 x 19,5 cm =650 #4$$a Jurnalistik =850 ##$$a NBPNMAT =084 ##$$a 070.43 ASS j =250 ##$$a Cet.1 =990 ##$$a 1198400003 =990 ##$$a 1198400003